Bring Me The Horizon - That's The Spirit - Statistiques

Statistiques générales
  • Ce quiz a été pris 33 fois
  • Le résultat moyen est 8 sur 11
Statistiques - réponses
Titre % Correct
Throne
92%
Avalanche
88%
Doomed
80%
Drown
76%
Follow You
72%
Happy Song
68%
Oh No
68%
True Friends
64%
Blasphemy
60%
Run
56%
What You Need
44%
Aucun quiz correspondant
Distribution des résultats
% des personnes avec chaque résultat
Percentile par nombre de réponses
Votre historique - résultats
Vous n’avez pas pris ce quiz